[Event "Box Hill CC-ch"]
[Site "Box Hill"]
[Date "2005.06.11"]
[Round "2.7"]
[White "Le, Tuan N"]
[Black "Muthusamy, Reubban"]
[Result "1-0"]
[WhiteElo "2101"]
[BlackElo "1749"]
[PlyCount "75"]
[EventDate "2005.06.11"]
[EventType "swiss"]
[EventRounds "7"]
[EventCountry "AUS"]
[SourceTitle "EXT 2018"]
[Source "ChessBase"]
[SourceDate "2017.10.13"]
[SourceVersion "1"]
[SourceVersionDate "2017.10.13"]
[SourceQuality "1"]

1. e4 e5 2. Nf3 Nc6 3. Bb5 a6 4. Ba4 Nf6 5. 0-0 Nxe4 6. d4 b5 7. Bb3 d5 8. dxe5 Be6 9. c3 Bc5 10. Nbd2 0-0 11. Bc2 Nxf2 12. Rxf2 f6 13. Nf1 Bxf2+ 14. Kxf2 fxe5 15. Kg1 Bg4 16. Bb3 Ne7 17. Bg5 c6 18. Qd3 Bxf3 19. gxf3 Qd6 20. Ng3 Qg6 21. Qd2 Rae8 22. Rf1 h6 23. Be3 Nf5 24. Bc2 e4 25. Bf4 Nxg3 26. hxg3 Qf6 27. Be3 exf3 28. Qd3 Re4 29. Kf2 Rfe8 30. Re1 Qe6 31. Qxe4 dxe4 32. Bb3 Kf7 33. Rd1 Kg6 34. Bxe6 Rxe6 35. Rd7 Re5 36. Bd4 Rh5 37. Rxg7+ Kf5 38. g4+ 1-0

[Event "Box Hill Autumn Cup"]
[Site "Box Hill"]
[Date "2005.02.18"]
[Round "3"]
[White "Wallis, Christopher"]
[Black "Le, Tuan N"]
[Result "1-0"]
[WhiteElo "1944"]
[BlackElo "2113"]
[PlyCount "119"]
[EventDate "2005.02.04"]
[EventType "swiss"]
[EventRounds "4"]
[EventCountry "AUS"]
[SourceTitle "EXT 2010"]
[Source "ChessBase"]
[SourceDate "2010.11.25"]
[SourceVersion "1"]
[SourceVersionDate "2010.11.25"]
[SourceQuality "1"]

1. e4 Nc6 2. d4 e5 3. d5 Nce7 4. Nf3 Ng6 5. h4 h5 6. Bg5 Be7 7. g3 Nf6 8. Nbd2 Ng4 9. d6 cxd6 10. Nc4 Qc7 11. Bxe7 Kxe7 12. a4 Qc5 13. Qd2 d5 14. exd5 d6 15. Ra3 Bd7 16. b4 Qc7 17. Ng5 Nf6 18. Rc3 Rac8 19. b5 Qc5 20. Bg2 Qd4 21. Nf3 Ne4 22. Nxd4 Nxd2 23. Nc6+ bxc6 24. Kxd2 cxb5 25. axb5 Bxb5 26. Ne3 Rxc3 27. Kxc3 Rc8+ 28. Kb4 Bd7 29. Ra1 Rc7 30. Bf3 Nf8 31. Bxh5 Nh7 32. c4 Nf6 33. Bf3 Ne8 34. Ra5 f5 35. c5 dxc5+ 36. Rxc5 Rb7+ 37. Kc3 Nd6 38. Nc4 e4 39. Be2 Nxc4 40. Bxc4 Kd6 41. Ra5 Rc7 42. Kd4 Bc8 43. Ra3 a6 44. Rb3 Ra7 45. Rb6+ Ke7 46. d6+ Kd8 47. Ke5 a5 48. Rb8 Rb7 49. Rxb7 Bxb7 50. Kxf5 Kd7 51. Ke5 Bc6 52. g4 a4 53. h5 a3 54. g5 Ke8 55. Kf5 Kf8 56. h6 gxh6 57. gxh6 Bb5 58. Ba2 Bd3 59. Kf6 e3 60. d7 1-0

[Event "Box Hill Autumn Cup"]
[Site "Box Hill"]
[Date "2005.02.11"]
[Round "2"]
[White "Le, Tuan N"]
[Black "Flude, David A"]
[Result "1-0"]
[WhiteElo "2113"]
[BlackElo "1743"]
[PlyCount "30"]
[EventDate "2005.02.04"]
[EventType "swiss"]
[EventRounds "4"]
[EventCountry "AUS"]
[SourceTitle "EXT 2010"]
[Source "ChessBase"]
[SourceDate "2010.11.25"]
[SourceVersion "1"]
[SourceVersionDate "2010.11.25"]
[SourceQuality "1"]

1. e4 c5 2. Nf3 d6 3. d4 Nf6 4. Nc3 cxd4 5. Nxd4 g6 6. Be3 Bg7 7. Qd2 Nc6 8. Bc4 Nxd4 9. Bxd4 0-0 10. f3 Bd7 11. 0-0-0 Qa5 12. Kb1 b5 13. Nxb5 Qxd2 14. Rxd2 Bxb5 15. Bxb5 Nxe4 1-0

[Event "Box Hill Autumn Cup"]
[Site "Box Hill"]
[Date "2005.02.04"]
[Round "1"]
[White "Van Dijk, Devrim"]
[Black "Le, Tuan N"]
[Result "0-1"]
[WhiteElo "1680"]
[BlackElo "2113"]
[PlyCount "94"]
[EventDate "2005.02.04"]
[EventType "swiss"]
[EventRounds "4"]
[EventCountry "AUS"]
[SourceTitle "EXT 2010"]
[Source "ChessBase"]
[SourceDate "2010.11.25"]
[SourceVersion "1"]
[SourceVersionDate "2010.11.25"]
[SourceQuality "1"]

1. e4 c5 2. Nf3 e6 3. c3 d5 4. exd5 Qxd5 5. d4 Nf6 6. Bd3 Be7 7. Be3 0-0 8. Nbd2 cxd4 9. cxd4 Nc6 10. 0-0 Ng4 11. Bf4 Nxd4 12. Be4 Qd8 13. Nxd4 Qxd4 14. Bxh7+ Kxh7 15. Qxg4 Kg8 16. Nf3 Qf6 17. Qg3 Qf5 18. Rfe1 Bf6 19. Be5 Bd7 20. Nh4 Qg5 21. Qxg5 Bxg5 22. Nf3 Bh6 23. Rad1 Bc6 24. Nd4 Bd5 25. b3 Rfc8 26. Nb5 Rc2 27. Nc7 Rd8 28. Nxd5 exd5 29. a4 f6 30. Bd4 b6 31. Re7 Rdc8 32. Be3 Bxe3 33. Rxe3 Rc1 34. Red3 Rxd1+ 35. Rxd1 Kf7 36. f4 Ke6 37. Rd3 Rc2 38. h3 Kd6 39. Kh2 Kc5 40. h4 d4 41. Rd1 f5 42. Re1 d3 43. Re5+ Kd4 44. Rxf5 d2 45. Rf7 Rc5 46. Rxg7 d1Q 47. Rxa7 Qg4 0-1

[Event "AUS-ch reserves"]
[Site "Melbourne"]
[Date "2001.12.30"]
[Round "3"]
[White "Szuveges, Narelle"]
[Black "Le, Tuan N"]
[Result "1-0"]
[WhiteElo "1779"]
[BlackElo "1954"]
[PlyCount "121"]
[EventDate "2001.12.28"]
[EventType "swiss"]
[EventRounds "11"]
[EventCountry "AUS"]
[SourceTitle "EXT 2003"]
[Source "ChessBase"]
[SourceDate "2002.11.25"]
[SourceVersion "1"]
[SourceVersionDate "2002.11.25"]
[SourceQuality "1"]

1. Nf3 d5 2. g3 Nf6 3. Bg2 c5 4. 0-0 Nc6 5. d3 e6 6. Nbd2 Be7 7. c3 0-0 8. e4 b6 9. Re1 Bb7 10. a3 Qc7 11. Qc2 Rfd8 12. Nf1 dxe4 13. dxe4 Ba6 14. c4 e5 15. b3 Nd4 16. Qc3 Bb7 17. N3d2 Qd7 18. Ne3 Rac8 19. Nd5 Bxd5 20. exd5 Bd6 21. Bb2 Qf5 22. Rad1 Re8 23. f3 Rc7 24. Re3 e4 25. fxe4 Qh5 26. Bf3 Ng4 27. Bxg4 Qxg4 28. Rde1 Rce7 29. Kg2 h5 30. Qd3 Be5 31. h3 Qg6 32. Bxd4 Bxd4 33. R3e2 h4 34. g4 Qd6 35. Nf1 g6 36. Qf3 Qe5 37. Kh1 Rd8 38. Qg2 Qg5 39. Nh2 Be5 40. Nf3 Qh6 41. Nxe5 Rxe5 42. Qf3 Rd6 43. Rf1 f6 44. b4 Qf8 45. b5 Qe7 46. a4 Kg7 47. Ra1 Rd8 48. Rae1 a5 49. bxa6 Ra8 50. Qb3 Rxa6 51. Qb5 Qa7 52. Qc6 Rxa4 53. Rf2 Ra1 54. Qxf6+ Kh7 55. Qxh4+ Kg8 56. Ref1 Rxf1+ 57. Rxf1 Rxe4 58. Qf6 Qg7 59. Qxb6 Rxc4 60. Qe6+ Kh8 61. Qe8+ 1-0

[Event "Box Hill op"]
[Site "Box Hill"]
[Date "2001.10.19"]
[Round "7.1"]
[White "Le, Tuan N"]
[Black "Partsi, Dimitry"]
[Result "1/2-1/2"]
[WhiteElo "1971"]
[BlackElo "1898"]
[PlyCount "83"]
[EventDate "2001.09.??"]
[EventType "swiss"]
[EventRounds "7"]
[EventCountry "AUS"]
[SourceTitle "EXT 2003"]
[Source "ChessBase"]
[SourceDate "2002.11.25"]
[SourceVersion "1"]
[SourceVersionDate "2002.11.25"]
[SourceQuality "1"]

1. d4 Nf6 2. Nf3 e6 3. Bg5 c5 4. e3 d5 5. c3 Be7 6. Bd3 Nbd7 7. Nbd2 b6 8. 0-0 Bb7 9. Rc1 0-0 10. Ne5 Nxe5 11. dxe5 Nd7 12. Bxe7 Qxe7 13. f4 f6 14. Qh5 g6 15. Qh4 Qg7 16. exf6 Rxf6 17. e4 dxe4 18. Bxe4 Bxe4 19. Nxe4 Rf5 20. Rcd1 Rd5 21. Qg4 Nf8 22. Ng5 Qf6 23. Rde1 Re8 24. Nf3 Nd7 25. Rd1 Re7 26. Ne5 Rxd1 27. Qxd1 Qg7 28. Nc6 Rf7 29. Nxa7 e5 30. fxe5 Rxf1+ 31. Kxf1 Qf7+ 32. Kg1 Nxe5 33. Nc8 Qxa2 34. b3 c4 35. Qd5+ Nf7 36. Qxc4 b5 37. Qe6 Qa1+ 38. Kf2 Qb2+ 39. Qe2 Qxb3 40. Ne7+ Kf8 41. Nc6 Qxc3 42. Qxb5 1/2-1/2

[Event "Box Hill op"]
[Site "Box Hill"]
[Date "2001.09.28"]
[Round "4.4"]
[White "Le, Tuan N"]
[Black "Chmiel, Rad"]
[Result "1/2-1/2"]
[WhiteElo "1971"]
[BlackElo "1534"]
[PlyCount "48"]
[EventDate "2001.09.??"]
[EventType "swiss"]
[EventRounds "7"]
[EventCountry "AUS"]
[SourceTitle "EXT 2003"]
[Source "ChessBase"]
[SourceDate "2002.11.25"]
[SourceVersion "1"]
[SourceVersionDate "2002.11.25"]
[SourceQuality "1"]

1. d4 Nf6 2. Nf3 e6 3. Bg5 d5 4. e3 c5 5. c3 Be7 6. Bd3 0-0 7. 0-0 Nfd7 8. Bf4 Nc6 9. Nbd2 Re8 10. Rc1 Bf8 11. Ng5 g6 12. h4 e5 13. dxe5 Ndxe5 14. Be2 d4 15. cxd4 cxd4 16. Bb5 Qd5 17. Nde4 Kg7 18. Bxe5+ Rxe5 19. Bxc6 bxc6 20. Ng3 c5 21. exd4 cxd4 22. Rc7 Be7 23. Qc1 Bb7 24. Nf3 Bd6 1/2-1/2

[Event "Box Hill CC-ch"]
[Site "Box Hill"]
[Date "2000.05.26"]
[Round "4.20"]
[White "Lugo, Ruperto"]
[Black "Le, Tuan N"]
[Result "1/2-1/2"]
[WhiteElo "1470"]
[BlackElo "1994"]
[PlyCount "69"]
[EventDate "2000.??.??"]
[EventType "swiss"]
[EventRounds "9"]
[EventCountry "AUS"]
[SourceTitle "EXT 2003"]
[Source "ChessBase"]
[SourceDate "2002.11.25"]
[SourceVersion "1"]
[SourceVersionDate "2002.11.25"]
[SourceQuality "1"]

1. d4 d5 2. c4 dxc4 3. e4 e5 4. Nf3 Bb4+ 5. Bd2 Bxd2+ 6. Qxd2 exd4 7. Bxc4 Ne7 8. Qxd4 Qxd4 9. Nxd4 0-0 10. Nc3 a6 11. 0-0-0 b5 12. Bd5 c6 13. Bb3 c5 14. Nde2 c4 15. Bc2 Nbc6 16. Rd2 f5 17. f3 fxe4 18. Bxe4 Bf5 19. Rhd1 Bxe4 20. Nxe4 Nb4 21. Kb1 Nf5 22. N2c3 Nd3 23. Nf2 Ne3 24. Rg1 Nf4 25. g3 Ne6 26. f4 b4 27. Re2 Nd4 28. Rxe3 bxc3 29. bxc3 Rab8+ 30. Kc1 Nb5 31. Nd1 Rfd8 32. Nb2 Rd5 33. Rd1 Rh5 34. Rd2 Rc5 35. Na4 1/2-1/2